Paraguayan players in European Big Five (2000-) - Statistics

General Stats
  • This quiz has been taken 21 times
  • The average score is 13 of 50
Answer Stats
Ranking Player Positions Nationality Matches Goals (assists) Periods Clubs % Correct
5 Miguel Almirón MF, FW 186 23 (6) 2018-2025
90%
1 Roque Santa Cruz FW 336 80 (24) 2000-2016
76%
19 Julio Enciso MF, FW 57 6 (7) 2022-2025
71%
9 Lucas Barrios FW 113 50 (9) 2009-2011, 2014-2015
67%
4 Nelson Valdez FW 256 52 (17) 2002-2010, 2012-2013, 2014-2015
67%
12 Juan Iturbe MF, FW 95 12 (8) 2013-2017
62%
2 Antonio Sanabria MF, FW 279 67 (11) 2013-2025
57%
47 Enso Gonzalez DF, MF 1 0 (0) 2023-2024
48%
34 Diego Gómez MF 16 1 (0) 2024-2025
43%
3 Édgar Barreto MF 264 11 (18) 2007-2009, 2011-2012, 2014-2020
43%
31 Gustavo Gómez DF 18 0 (0) 2016-2017
43%
7 Omar Alderete DF 136 4 (2) 2020-2025
43%
21 Fabián Balbuena DF 54 3 (0) 2018-2021
38%
8 Hernán Pérez MF, FW 131 16 (5) 2011-2012, 2013-2014, 2015-2019
38%
18 Paulo da Silva DF 59 1 (1) 2009-2012
38%
6 Raúl Bobadilla FW 166 29 (11) 2009-2011, 2013-2018
38%
36 Claudio Morel Rodríguez DF 15 0 (0) 2010-2011
33%
11 Marcelo Estigarribia DF, MF 101 5 (5) 2008-2009, 2011-2016
33%
27 Carlos Gamarra DF 27 0 (1) 2002-2005
29%
15 Antolín Alcaraz DF 89 4 (1) 2010-2016
24%
33 José Luis Chilavert GK 17 0 (0) 2000-2001
24%
50 Óscar Omar Ayala DF 1 0 (0) 2000-2001
24%
32 Óscar Romero MF, FW 18 0 (1) 2016-2018
24%
10 Carlos Paredes MF 106 11 (1) 2002-2006
19%
38 Cristian Riveros MF 12 1 (0) 2010-2011
19%
14 Federico Santander FW 90 15 (6) 2010-2011, 2018-2022
19%
35 Javier Acuña FW 16 3 (0) 2013-2014
19%
43 Julio dos Santos MF 5 0 (1) 2005-2007
19%
25 Justo Villar GK 38 0 (0) 2008-2010
19%
30 Ramón Sosa MF, FW 19 1 (0) 2024-2025
19%
17 Roberto Acuña MF 74 10 (6) 2000-2002, 2004-2006
19%
16 Iván Piris DF 87 0 (3) 2012-2013, 2014-2016
14%
24 Jonathan Santana MF 41 1 (0) 2006-2010
14%
20 Júnior Alonso DF, MF 55 2 (2) 2016-2019
14%
28 Santiago Arzamendia DF, MF 26 1 (0) 2021-2023
14%
23 Dario Lezcano MF, FW 50 8 (4) 2015-2017
10%
13 Delio Toledo DF 94 5 (4) 2000-2001, 2003-2006
10%
45 Diego Gavilán DF, MF 2 0 (0) 2000-2001, 2003-2004
10%
42 José Ariel Núñez MF, FW 6 0 (0) 2013-2014
10%
48 Julio Villalba DF 1 0 (0) 2017-2018
10%
41 Miguel Ángel Benítez FW 8 0 (0) 2000-2002
10%
37 José Montiel MF 13 0 (0) 2006-2008
5%
29 Julio César Cáceres DF 23 0 (0) 2004-2005, 2006-2007
5%
22 Víctor Hugo Mareco DF 52 1 (0) 2002-2004, 2010-2011
5%
26 Andrés Cubas MF 28 1 (0) 2016-2017, 2020-2021
0%
44 César Meza Colli MF, FW 2 0 (0) 2011-2012
0%
40 Diego Figueredo MF 8 0 (0) 2003-2004
0%
49 Nelson Zelaya DF 1 0 (0) 2002-2003
0%
46 Rubén Maldonado DF 2 0 (0) 2007-2008
0%
39 Tomás Guzmán MF, FW 10 1 (0) 2005-2006
0%
No matching quizzes found
Score Distribution
Percent of People with Each Score
Percentile by Number Answered
Your Score History
You have not taken this quiz